000 00769nam a22002657a 4500
001 4479
003 FISKH
005 20260130123137.0
008 240911b cb ||||| |||| 00| 0 eng d
020 _a9780439199841
040 _aFISKH
_beng
_cFISKH
_dFISKH
050 _aPZ8.J263
082 _a813.5
100 _aJanovitz, Marilyn
_eauthor
245 _aIs It Time? /
_cby Marilyn Janovitz
260 _aNew York :
_bScholastic ;
_c1994 .
300 _a25 pages :
_bcolor illustrations ;
_c23 cm .
505 _aD
520 _aRhyming questions and answers lead Ted the wolf from his bath into bed.
521 8 _a200
_bLexile estimate
521 8 _aD
_bRaz-Plus
650 _abedtime
_vLiterature
942 _2ddc
_cBK
_n0
999 _c4479
_d4479